Migrants' intentions to return home and capital transfers <a> study of tongans and western samoans in Australia

Enregistré dans:
Détails bibliographiques
Auteur principal: Ahlburg, Dennis A.
Autres auteurs: Brown, Richard P.C
Format: Livre
Langue:anglais
Publié: Brisbane The University of Queensland 1997
Collection:Discussion papers no. 216
Sujets:
Tags: Ajouter un tag
Pas de tags, Soyez le premier à ajouter un tag!

MARC

LEADER 00000nam a2200000 4500
001 c100643
005 20221124074813.7
022 |a 1033-4661 
041 0 |a eng 
044 |a AU 
245 1 0 |a Migrants' intentions to return home and capital transfers  |b <a> study of tongans and western samoans in Australia  |c Dennis A. Ahlburg, Richard P.C. Brown 
264 1 |a Brisbane  |b The University of Queensland  |c 1997 
300 |a 29 s. 
490 1 |a Discussion papers  |v no. 216 
830 0 |a Discussion papers  |v no. 216 
610 2 0 |a migrácia 
610 2 0 |a pohyb síl pracovných 
610 2 0 |a kapitál ľudský 
610 2 0 |a štúdie 
610 2 0 |a kapitál finančný 
610 2 0 |a Austrália 
100 1 |a Ahlburg, Dennis A. 
700 1 |a Brown, Richard P.C.